00311nam a2200121Ia 4500008004100000041000800041082001700049100001700066245004500083260002700128300002500155365000900180240624s9999 xx 000 0 und d aeng a153.153 KUC  aKUCZALA MIKE aTRAINING IN MOTION HOW TO USE MOVEMENT T c2015aNew YorkbAmacom axvii, 204 p.; 23 cm. cb38